书目信息 |
| 题名: |
辞源
|
|
| 作者: | ;商务印书馆编辑部 编 | |
| 分册: | 第一册 | |
| 出版信息: | 上海 商务印书馆 1979.7 |
|
| 页数: | 772页 | |
| 开本: | 26cm | |
| 丛书名: | ||
| 单 册: | ||
| 中图分类: | Z3 | |
| 科图分类: | ||
| 主题词: | 词典 | |
| 电子资源: | ||
| ISBN: | ||
| 000 | 00515nam0 2200193 45 | |
| 001 | 0181015120 | |
| 005 | 20070726125420.37 | |
| 010 | @b精装@dCNY6.70 | |
| 100 | @a20810111d km y0chiy0120 ea | |
| 101 | 0 | @achi |
| 200 | 1 | @a辞源@Aci yuan@h第一册@f商务印书馆编辑部等编@Fshang wu yin shu guan bian ji |
| 205 | @a修订版 | |
| 210 | @a上海@c商务印书馆@d1979.7 | |
| 215 | @a772页@d26cm | |
| 606 | 0 | @a词典 |
| 690 | @aZ3 | |
| 711 | 0 | @a商务印书馆编辑部@4编 |
| 801 | @aCN@bTSTC@c20070726 | |
| 905 | @dZ3@e1:1@f5@b101246-50 | |
| 辞源.第一册/商务印书馆编辑部等编.-修订版.-上海:商务印书馆,1979.7 |
| 772页;26cm |
| ISBN (精装):CNY6.70 |
| ● |
| 相关链接 |
|
|
|
|
正题名:辞源
索取号:Z3/1:1
 
预约/预借
| 序号 | 登录号 | 条形码 | 馆藏地/架位号 | 状态 | 备注 |
| 1 | 0020348 | 001553633 | 密集书库/ [索取号:Z3/1:1] | 在馆 | |
| 2 | 0020349 | 001553571 | 密集书库/ [索取号:Z3/1:1] | 在馆 | |
| 3 | 0020350 | 001553599 | 第二样本阅览室/ [索取号:Z3/1:1] | 在馆 | |
| 4 | 0101246 | 202122327 | 密集书库/ [索取号:Z3/1:1] | 在馆 | |
| 5 | 0101247 | 001553624 | 密集书库/ [索取号:Z3/1:1] | 在馆 | |
| 6 | 0101248 | 001553642 | 工具书阅览室/ [索取号:Z3/1:1] | 在馆 | |
| 7 | 0101249 | 001553580 | 密集书库/ [索取号:Z3/1:1] | 在馆 | |
| 8 | 0101250 | 001553713 | 工具书阅览室/ [索取号:Z3/1:1] | 在馆 | |
| 9 | 0420877 | 204208776 | 密集书库/ [索取号:Z3/1:1] | 在馆 | |
| 10 | 0788881 | 207888810 | 密集书库/ [索取号:Z3/1:1] | 在馆 |